00821nam a2200181 a 450000100100000000500170001000800410002704000250006804100130009308200130010611000320011924500920015126000620024330000300030595201700033595201170050599900170062200003282320200930065844.0110726s1944 dr c 000 0 spa d aDO-SdBNPbspacBNHPU17aspaheng axxxbI351 aRepública Dominicana944710aInauguración del aeropuerto general Andrews = Inaguration of general Andrews airport. aCiudad Trujillo, República Dominicana :b[s.n.],c1944. a45 p. :bretrs. ;c22 cm. 001050718RVaPDbPDcCTd2011-07-26iLF1l0oxxx I35p32823-10r2020-06-25w2020-06-25y1zPerteneció a la biblioteca personal de Martínez Boog.ZNo se presta 001050718RVaPDbPDcCTd2011-10-11iLF1l0oxxx I35p32823-20r2020-06-25te. 2w2020-06-25y1ZNo se presta c32314d32314